| 000 | 00837 a2200217 4500 | ||
|---|---|---|---|
| 020 | _a0387968024 | ||
| 020 | _a9780387968025 | ||
| 082 | 0 | 4 | _a515.7 |
| 090 |
_c1506 _d1506 |
||
| 100 | 1 | _aZeidler, E. | |
| 245 | 1 | 0 |
_aNonlinear functional analysis and its applications : _bpart 2 A : _blinear monotone operators / _cE. Zeidler, E. Zeidler, Leo F. Boron. |
| 250 | _a1st ed. | ||
| 260 |
_a[S.l.] : _bSpringer, _c1989. |
||
| 300 |
_a485 p. ; _c24 cm. |
||
| 490 | 1 | _aZeidler, eberhard//nonlinear functional analysis and its applications. | |
| 700 | 1 | _aZeidler, E. | |
| 700 | 1 | _aBoron, Leo F. | |
| 830 | 0 | _aZeidler, eberhard//nonlinear functional analysis and its applications. | |
| 942 |
_aSNS _cBK _k515.7 ZEI |
||
| 999 |
_c30117 _d30117 |
||